Fiškálna politika v podmienkach Slovenskej republiky bakalárska práca

Guardado en:
Detalles Bibliográficos
Autor principal: Gálová, Lucia
Autor Corporativo: Národohospodárska fakulta EU. Katedra hospodárskej politiky
Otros Autores: Chandoga, Roman
Formato: Libro
Lenguaje:eslovaco
Publicado: Bratislava 2014
Etiquetas: Agregar Etiqueta
Sin Etiquetas, Sea el primero en etiquetar este registro!

MARC

LEADER 00000nbm a2200000 4500
001 0189399
005 20240627114948.8
041 0 |a slo 
044 |a SK 
245 1 0 |a Fiškálna politika v podmienkach Slovenskej republiky  |b bakalárska práca  |c Lucia Gálová ; školiteľ: Roman Chandoga 
264 1 |a Bratislava  |c 2014 
300 |a 47 s. 
100 1 |a Gálová, Lucia 
700 1 |a Chandoga, Roman 
710 2 |a Národohospodárska fakulta EU. Katedra hospodárskej politiky